[Event "e2e4 Brighton Major"]
[Site "Brighton"]
[Date "2010.11.13"]
[Round "2"]
[White "Pedder, Stephane SG"]
[Black "Hayward, Alan"]
[Result "1/2-1/2"]
[WhiteElo "1930"]
[BlackElo "1979"]
[PlyCount "148"]
[EventDate "2010.11.12"]
[EventType "swiss"]
[EventRounds "5"]
[EventCountry "ENG"]
[SourceTitle "BritBase"]
[Source "John Saunders"]
[SourceDate "2024.12.03"]
[SourceVersion "1"]
[SourceVersionDate "2024.12.03"]
[SourceQuality "1"]

1. d4 Nf6 2. c4 c5 3. d5 b5 4. b3 g6 5. Bb2 Bg7 6. Nd2 b4 7. e4 d6 8. Ngf3 O-O 9. Bd3 e5 10. O-O Nh5 11. g3 Bg4 12. Qc2 Qe7 13. Ne1 Nd7 14. Bc1 f5 15. f3 fxe4 16. Nxe4 Bh3 17. Rf2 Bf5 18. Bg5 Nhf6 19. Rd1 Bxe4 20. Bxe4 Qf7 21. Bd3 Rae8 22. Ng2 Nh5 23. Re1 e4 24. Rxe4 Bd4 25. Be3 Bxe3 26. Rxe3 Rxe3 27. Nxe3 Qe7 28. Ng4 Nhf6 29. Re2 Qg7 30. Nxf6+ Qxf6 31. f4 Ne5 32. Be4 Ng4 33. Qd3 Re8 34. Bf3 Rxe2 35. Bxe2 Qa1+ 36. Qd1 Qxd1+ 37. Bxd1 Ne3 38. Be2 Kg7 39. g4 Kf6 40. Kf2 Nc2 41. h4 Nd4 42. Bd3 a6 43. Kg3 h5 44. f5 gxf5 45. gxh5 Ke5 46. h6 f4+ 47. Kg4 Kf6 48. Kxf4 Kf7 49. h7 Kg7 50. h5 a5 51. h6+ Kh8 52. Kg5 Nf3+ 53. Kf6 Ne5 54. Bf5 a4 55. Ke6 a3 56. Bh3 Nxc4 57. Bf1 Nd2 58. Kxd6 Nxb3 59. Kc7 Nd4 60. Bc4 b3 61. Bxb3 Nxb3 62. d6 Nd4 63. d7 Ne6+ 64. Kd6 Nd8 65. Kxc5 Kxh7 66. Kd6 Kxh6 67. Ke7 Nb7 68. d8=Q Nxd8 69. Kxd8 Kg5 70. Kc7 Kf4 71. Kb6 Ke4 72. Kb5 Kd5 73. Kb4 Kc6 74. Kxa3 Kb7 1/2-1/2

[Event "e2e4 Brighton Major"]
[Site "Brighton"]
[Date "2010.11.13"]
[Round "2"]
[White "Ropp, Wiatt"]
[Black "Healeas, Simon"]
[Result "1-0"]
[WhiteElo "1930"]
[BlackElo "1806"]
[PlyCount "115"]
[EventDate "2010.11.12"]
[EventType "swiss"]
[EventRounds "5"]
[EventCountry "ENG"]
[SourceTitle "BritBase"]
[Source "John Saunders"]
[SourceDate "2024.12.03"]
[SourceVersion "1"]
[SourceVersionDate "2024.12.03"]
[SourceQuality "1"]

1. c4 Nf6 2. g3 g6 3. Bg2 Bg7 4. Nc3 c5 5. e3 O-O 6. Nge2 Nc6 7. O-O d6 8. d4 cxd4 9. exd4 Bf5 10. Be3 Qd7 11. Re1 Nb4 12. Rf1 Nc2 13. Rc1 Nxe3 14. fxe3 Bh3 15. Qa4 Qxa4 16. Nxa4 Bxg2 17. Kxg2 Ng4 18. Rc3 e5 19. h3 Nh6 20. c5 b5 21. cxb6 axb6 22. Nxb6 Rxa2 23. Rb1 Re8 24. Rc8 Rxc8 25. Nxc8 Bf8 26. d5 Nf5 27. Kf3 Ra8 28. Nb6 Rb8 29. Nc4 Rb4 30. b3 h5 31. e4 Nd4+ 32. Nxd4 exd4 33. g4 hxg4+ 34. hxg4 Kg7 35. Na5 Kf6 36. Nc6 Rb7 37. Nxd4 Bh6 38. b4 Bd2 39. Nc6 Kg5 40. Ke2 Bc3 41. Kd3 Bg7 42. b5 Kxg4 43. b6 f5 44. Nd8 Rb8 45. Ne6 fxe4+ 46. Kxe4 Bc3 47. Rb5 Kh4 48. b7 g5 49. Nc7 g4 50. Na6 Re8+ 51. Kd3 Be5 52. b8=Q Rxb8 53. Rxb8 g3 54. Ke3 Kh3 55. Kf3 Kh2 56. Rg8 Kh3 57. Nb4 Kh2 58. Nd3 1-0

[Event "e2e4 Brighton Major"]
[Site "Brighton"]
[Date "2010.11.13"]
[Round "2"]
[White "Spicer, Jonathan"]
[Black "Morgan, Jonathan"]
[Result "1-0"]
[WhiteElo "1602"]
[BlackElo "1746"]
[PlyCount "95"]
[EventDate "2010.11.12"]
[EventType "swiss"]
[EventRounds "5"]
[EventCountry "ENG"]
[SourceTitle "BritBase"]
[Source "John Saunders"]
[SourceDate "2024.12.03"]
[SourceVersion "1"]
[SourceVersionDate "2024.12.03"]
[SourceQuality "1"]

1. e4 e5 2. Nf3 Nc6 3. Bc4 Nf6 4. Ng5 d5 5. exd5 Nxd5 6. Nxf7 Kxf7 7. Qf3+ Ke6 8. Nc3 Ncb4 9. Bb3 c6 10. a3 Na6 11. O-O Nac7 12. d4 Qf6 13. Qg3 Bd6 14. Re1 Kf5 15. Ne4 Qe7 16. Nxd6+ Qxd6 17. Rxe5+ Qxe5 18. Qxe5+ Kg6 19. Qg5+ Kf7 20. Bf4 Ne6 21. Bxd5 cxd5 22. Qxd5 Rd8 23. Qh5+ Kg8 24. Be5 b6 25. Qf3 Ba6 26. c3 Bc4 27. Re1 Bd5 28. Qg4 Rf8 29. Bd6 Rfe8 30. f4 Rad8 31. f5 Rxd6 32. fxe6 Rdxe6 33. Rxe6 Bxe6 34. Qf3 h6 35. Qc6 Re7 36. d5 Bd7 37. Qc7 Kf8 38. Qd8+ Be8 39. Qd6 Bb5 40. Qf4+ Kg8 41. Qb4 Re1+ 42. Kf2 Re2+ 43. Kf3 a6 44. c4 Bxc4 45. Qxc4 Rxb2 46. d6+ Kf8 47. d7 Ke7 48. d8=Q+ 1-0

[Event "e2e4 Brighton Major"]
[Site "Brighton"]
[Date "2010.11.13"]
[Round "2"]
[White "Staples, Daniel J"]
[Black "Lazarevic, Ljubica"]
[Result "1-0"]
[WhiteElo "1992"]
[BlackElo "1786"]
[PlyCount "61"]
[EventDate "2010.11.12"]
[EventType "swiss"]
[EventRounds "5"]
[EventCountry "ENG"]
[SourceTitle "BritBase"]
[Source "John Saunders"]
[SourceDate "2024.12.03"]
[SourceVersion "1"]
[SourceVersionDate "2024.12.03"]
[SourceQuality "1"]

1. e4 e5 2. Nf3 Nc6 3. Bb5 Nf6 4. Qe2 Bc5 5. c3 O-O 6. O-O Qe7 7. d3 a6 8. Ba4 b5 9. Bb3 Bb7 10. Bg5 h6 11. Bh4 d6 12. h3 Nd8 13. Nbd2 Ne6 14. Nh2 g5 15. Bg3 Kg7 16. Rfe1 Kg6 17. Bc2 Nh5 18. Nhf1 Nxg3 19. Nxg3 Nf4 20. Qf3 Rae8 21. Ndf1 Qf6 22. Nf5 d5 23. N1e3 dxe4 24. dxe4 Rd8 25. Rad1 Rxd1 26. Rxd1 Rd8 27. Nd5 Qe6 28. Nxf4+ exf4 29. Rxd8 Qxa2 30. Rg8+ Kf6 31. e5+ 1-0

[Event "e2e4 Brighton Major"]
[Site "Brighton"]
[Date "2010.11.13"]
[Round "2"]
[White "Strauss, Donna"]
[Black "Kelly, Paul J"]
[Result "0-1"]
[WhiteElo "1834"]
[BlackElo "1946"]
[PlyCount "128"]
[EventDate "2010.11.12"]
[EventType "swiss"]
[EventRounds "5"]
[EventCountry "ENG"]
[SourceTitle "BritBase"]
[Source "John Saunders"]
[SourceDate "2024.12.03"]
[SourceVersion "1"]
[SourceVersionDate "2024.12.03"]
[SourceQuality "1"]

1. d4 b5 2. e4 Bb7 3. f3 a6 4. Be3 e6 5. Bd3 Nf6 6. Ne2 d5 7. e5 Nfd7 8. O-O c5 9. c3 Nc6 10. Nd2 Qb6 11. a4 cxd4 12. cxd4 Ndxe5 13. axb5 axb5 14. Rxa8+ Bxa8 15. Qb3 Nxd3 16. Qxd3 b4 17. Ra1 Bb7 18. Nb3 Bd6 19. Nc5 Bxc5 20. dxc5 Qc7 21. Nd4 O-O 22. Nb5 Qd7 23. Nd6 Rb8 24. Qb5 Bc8 25. Qa4 d4 26. Bd2 e5 27. f4 f6 28. fxe5 Nxe5 29. Bxb4 Qxa4 30. Rxa4 Bd7 31. Ra1 h5 32. Ba3 Rb3 33. Rd1 d3 34. h3 Bc6 35. Kf2 g6 36. g3 Kg7 37. Ke3 f5 38. Rc1 d2+ 39. Kxd2 Rxg3 40. Rc3 f4 41. b4 Rxc3 42. Kxc3 f3 43. Kd2 f2 44. Ke2 Nd3 45. Nc4 Bb5 46. Ne3 g5 47. Kf3 Kg6 48. Kg3 Bc6 49. Nf1 h4+ 50. Kh2 Kf5 51. Nd2 Kf4 52. b5 Bxb5 53. c6 Bxc6 54. Be7 Ne1 55. Bd6+ Ke3 56. Bc5+ Ke2 57. Bxf2 Kxd2 58. Kg1 Ke2 59. Bc5 Bg2 60. Be7 Bxh3 61. Kh2 Bd7 62. Bf6 Kf1 63. Kh1 Bc6+ 64. Kh2 Bg2 0-1

[Event "e2e4 Brighton Major"]
[Site "Brighton"]
[Date "2010.11.13"]
[Round "2"]
[White "Tidmarsh, David A"]
[Black "Kalaiyalahan, Akshaya"]
[Result "1/2-1/2"]
[WhiteElo "1738"]
[BlackElo "1226"]
[PlyCount "50"]
[EventDate "2010.11.12"]
[EventType "swiss"]
[EventRounds "5"]
[EventCountry "ENG"]
[SourceTitle "BritBase"]
[Source "John Saunders"]
[SourceDate "2024.12.03"]
[SourceVersion "1"]
[SourceVersionDate "2024.12.03"]
[SourceQuality "1"]

1. e4 d5 2. exd5 Qxd5 3. Nc3 Qd6 4. d4 c6 5. Be2 Nf6 6. Nf3 Bg4 7. h3 Bxf3 8. Bxf3 e6 9. O-O Be7 10. Ne4 Nxe4 11. Bxe4 O-O 12. f4 Nd7 13. c3 Nf6 14. Bc2 Rad8 15. Qf3 Rfe8 16. Kh1 Qc7 17. Be3 Bf8 18. g4 Nd5 19. Bg1 Bd6 20. Be3 Nxe3 21. Qxe3 c5 22. Qe4 g6 23. dxc5 Bxc5 24. Rad1 Qb6 25. Bb3 Be7 1/2-1/2

[Event "e2e4 Brighton Major"]
[Site "Brighton"]
[Date "2010.11.13"]
[Round "2"]
[White "Walshaw, David"]
[Black "Clayton, Tristan"]
[Result "1-0"]
[WhiteElo "1658"]
[BlackElo "1791"]
[PlyCount "59"]
[EventDate "2010.11.12"]
[EventType "swiss"]
[EventRounds "5"]
[EventCountry "ENG"]
[SourceTitle "BritBase"]
[Source "John Saunders"]
[SourceDate "2024.12.03"]
[SourceVersion "1"]
[SourceVersionDate "2024.12.03"]
[SourceQuality "1"]

1. e4 c6 2. d4 d5 3. exd5 cxd5 4. Bd3 Nf6 5. c3 g6 6. Bf4 Nbd7 7. Nf3 Bg7 8. Nbd2 O-O 9. O-O b6 10. Qc2 Bb7 11. Rae1 Re8 12. Ne5 Nxe5 13. Bxe5 Qc8 14. Nf3 Ba6 15. Bf4 Bxd3 16. Qxd3 Qg4 17. Qe3 Qf5 18. h3 Ne4 19. Nd2 g5 20. Bh2 Nxd2 21. Qxd2 g4 22. hxg4 Qxg4 23. Qd3 Qg6 24. Qf3 e6 25. Re3 Kh8 26. Rfe1 Rg8 27. Qe2 Qh6 28. Rf3 Bf6 29. Rxf6 Qg7 30. Qf3 1-0

[Event "e2e4 Brighton Major"]
[Site "Brighton"]
[Date "2010.11.13"]
[Round "2"]
[White "Watson, Darrell A"]
[Black "Larwood, Peter"]
[Result "0-1"]
[WhiteElo "1648"]
[BlackElo "1946"]
[PlyCount "86"]
[EventDate "2010.11.12"]
[EventType "swiss"]
[EventRounds "5"]
[EventCountry "ENG"]
[SourceTitle "BritBase"]
[Source "John Saunders"]
[SourceDate "2024.12.03"]
[SourceVersion "1"]
[SourceVersionDate "2024.12.03"]
[SourceQuality "1"]

1. e4 d5 2. exd5 Qxd5 3. Nc3 Qd6 4. Nf3 Nf6 5. Be2 Bf5 6. O-O a6 7. b3 e6 8. Bb2 Be7 9. h3 h6 10. Re1 O-O 11. Bf1 Nc6 12. Ne2 Bg6 13. Ng3 Rfe8 14. Ne5 Nxe5 15. Bxe5 Qc6 16. c4 Rad8 17. d4 Qb6 18. c5 Qc6 19. Qc1 Nd7 20. b4 Nxe5 21. dxe5 Rd4 22. a3 Red8 23. Be2 Bg5 24. Qb2 Rd2 25. Qc3 Rc2 26. Qf3 Rdd2 27. Qxc6 bxc6 28. Bxa6 Rxf2 29. Re2 Rfxe2 30. Nxe2 Rb2 31. Kh1 Be4 32. Kh2 Kf8 33. g3 Bf3 34. Re1 Ra2 35. h4 Bd2 36. Rd1 Bxb4 37. axb4 Rxa6 38. Rd2 Ra1 39. Ng1 Bd5 40. g4 Re1 41. Ne2 Rb1 42. Kg3 Rb3+ 43. Kf4 Rf3# 0-1

[Event "e2e4 Brighton Major"]
[Site "Brighton"]
[Date "2010.11.13"]
[Round "2"]
[White "Young, Melvyn Jack"]
[Black "Lee, Bryan"]
[Result "1-0"]
[WhiteElo "1938"]
[BlackElo "1824"]
[PlyCount "109"]
[EventDate "2010.11.12"]
[EventType "swiss"]
[EventRounds "5"]
[EventCountry "ENG"]
[SourceTitle "BritBase"]
[Source "John Saunders"]
[SourceDate "2024.12.03"]
[SourceVersion "1"]
[SourceVersionDate "2024.12.03"]
[SourceQuality "1"]

1. e4 d5 2. d4 c6 3. f3 e6 4. Be3 Qb6 5. Nd2 Nf6 6. Bd3 c5 7. dxc5 Bxc5 8. Bxc5 Qxc5 9. Nb3 Qe3+ 10. Qe2 Qxe2+ 11. Nxe2 dxe4 12. fxe4 O-O 13. O-O b6 14. Nc3 Rd8 15. Rad1 Bb7 16. e5 Ng4 17. Bxh7+ Kxh7 18. Rxd8 Nxe5 19. Nb5 Nbc6 20. Rxa8 Bxa8 21. Rd1 Kg6 22. N3d4 Ng4 23. Nxc6 Bxc6 24. Nxa7 Bxg2 25. Rd6 Bd5 26. Rxb6 Ne3 27. Nb5 Nc4 28. Rb8 Be4 29. c3 f5 30. b3 Ne5 31. Rb6 Kf6 32. Nc7 Bc6 33. b4 f4 34. b5 Bd7 35. Rd6 Ke7 36. Rd1 Nc4 37. Rd4 Nd6 38. Rxf4 Kd8 39. Na6 Bxb5 40. Nc5 Ke7 41. a4 Bc6 42. a5 Nb5 43. c4 Nc3 44. Kf2 Kd6 45. Nd3 e5 46. Rg4 g5 47. Ke3 e4 48. Ne1 Kc5 49. Rxg5+ Kxc4 50. h4 Nd1+ 51. Kd2 Nc3 52. h5 Nd5 53. Rxd5 Bxd5 54. h6 Kb5 55. h7 1-0

[Event "e2e4 Brighton Major"]
[Site "Brighton"]
[Date "2010.11.13"]
[Round "3"]
[White "Badham, Duncan"]
[Black "Fowler, David J"]
[Result "1/2-1/2"]
[WhiteElo "1794"]
[BlackElo "1723"]
[PlyCount "46"]
[EventDate "2010.11.12"]
[EventType "swiss"]
[EventRounds "5"]
[EventCountry "ENG"]
[SourceTitle "BritBase"]
[Source "John Saunders"]
[SourceDate "2024.12.03"]
[SourceVersion "1"]
[SourceVersionDate "2024.12.03"]
[SourceQuality "1"]

1. c4 Nf6 2. g3 e6 3. Bg2 d5 4. Nf3 b6 5. O-O Bb7 6. cxd5 exd5 7. d4 Bd6 8. Nc3 c6 9. Re1 O-O 10. Bg5 Nbd7 11. e4 dxe4 12. Nxe4 Be7 13. Nc3 Re8 14. Qc2 Nf8 15. Re2 Ne6 16. Rae1 Nxg5 17. Nxg5 h6 18. Nf3 Ba6 19. Rd2 Bb7 20. h3 Bd6 21. Rxe8+ Qxe8 22. Re2 Qd7 23. a3 Re8 1/2-1/2

[Event "e2e4 Brighton Major"]
[Site "Brighton"]
[Date "2010.11.13"]
[Round "3"]
[White "Childs, Peter"]
[Black "Musthapha, Othman"]
[Result "0-1"]
[WhiteElo "1930"]
[BlackElo "1699"]
[PlyCount "136"]
[EventDate "2010.11.12"]
[EventType "swiss"]
[EventRounds "5"]
[EventCountry "ENG"]
[SourceTitle "BritBase"]
[Source "John Saunders"]
[SourceDate "2024.12.03"]
[SourceVersion "1"]
[SourceVersionDate "2024.12.03"]
[SourceQuality "1"]

1. e4 c5 2. Nc3 d6 3. f4 Nc6 4. Nf3 e6 5. Bc4 Be7 6. O-O Nf6 7. d3 O-O 8. Bd2 a6 9. a4 b6 10. Qe2 Re8 11. Rad1 Bb7 12. Bc1 Qc7 13. h3 Rac8 14. g4 Nd4 15. Nxd4 cxd4 16. Nb1 d5 17. exd5 Nxd5 18. Qf2 Red8 19. c3 Bc5 20. cxd4 Nxf4 21. Bxf4 Qc6 22. Qh2 Bxd4+ 23. Rf2 Qf3 24. Rdf1 Rxc4 25. Nd2 Bxf2+ 26. Rxf2 Rc1+ 27. Nf1 Rxf1+ 28. Rxf1 Qxd3 29. Bc7 Qe3+ 30. Qf2 Rd2 31. Qxe3 Rg2+ 32. Kh1 Rg3+ 33. Kh2 Rg2+ 34. Kh1 Rg3+ 35. Kh2 Rxe3 36. Bxb6 Re2+ 37. Rf2 Rxf2+ 38. Bxf2 h5 39. Kg3 Kh7 40. gxh5 Kh6 41. Kh4 f6 42. b4 Bc6 43. a5 Bf3 44. Be3+ Kh7 45. Bd2 Kg8 46. h6 g5+ 47. Kg3 Be2 48. Be3 e5 49. Kf2 Bb5 50. Kg3 Kh7 51. Bd2 Kxh6 52. h4 Kg6 53. hxg5 f5 54. Bc3 f4+ 55. Kg4 Be2+ 56. Kh3 e4 57. Kg2 e3 58. Be1 Kxg5 59. Kh3 Bf1+ 60. Kh2 Kg4 61. Kg1 Bb5 62. Kg2 Bc6+ 63. Kf1 Kf3 64. Bh4 Ke4 65. Bg5 f3 66. Bh4 Kd3 67. Ke1 Kc3 68. Bg3 Kxb4 0-1

[Event "e2e4 Brighton Major"]
[Site "Brighton"]
[Date "2010.11.13"]
[Round "3"]
[White "Clayton, Tristan"]
[Black "Moore, John R"]
[Result "1-0"]
[WhiteElo "1791"]
[BlackElo "1730"]
[PlyCount "53"]
[EventDate "2010.11.12"]
[EventType "swiss"]
[EventRounds "5"]
[EventCountry "ENG"]
[SourceTitle "BritBase"]
[Source "John Saunders"]
[SourceDate "2024.12.03"]
[SourceVersion "1"]
[SourceVersionDate "2024.12.03"]
[SourceQuality "1"]

1. e4 c5 2. Nc3 Nc6 3. g3 d6 4. Bg2 Nf6 5. d3 Rb8 6. h3 e6 7. f4 Be7 8. g4 Nd7 9. Nf3 Nb6 10. O-O O-O 11. Ne2 d5 12. e5 d4 13. Ng3 Nd5 14. Qe2 f5 15. exf6 Nxf6 16. Ng5 Qd6 17. N3e4 Qd7 18. Bd2 b5 19. Nxf6+ gxf6 20. Nxe6 Qxe6 21. Qxe6+ Bxe6 22. Bxc6 Rb6 23. Bf3 c4 24. Rfe1 Bc5 25. Rxe6 Rxe6 26. Bd5 Rfe8 27. f5 1-0

[Event "e2e4 Brighton Major"]
[Site "Brighton"]
[Date "2010.11.13"]
[Round "3"]
[White "Dean, Robert A"]
[Black "Watson, Darrell A"]
[Result "0-1"]
[WhiteElo "1882"]
[BlackElo "1648"]
[PlyCount "106"]
[EventDate "2010.11.12"]
[EventType "swiss"]
[EventRounds "5"]
[EventCountry "ENG"]
[SourceTitle "BritBase"]
[Source "John Saunders"]
[SourceDate "2024.12.03"]
[SourceVersion "1"]
[SourceVersionDate "2024.12.03"]
[SourceQuality "1"]

1. e4 d6 2. d4 g6 3. Nc3 Bg7 4. f4 Nf6 5. Nf3 O-O 6. Bd3 e6 7. O-O Na6 8. a3 c5 9. d5 Nc7 10. dxe6 fxe6 11. Bd2 Bd7 12. Ng5 Qe7 13. f5 h6 14. fxe6 Nxe6 15. Nxe6 Bxe6 16. Qe2 Ng4 17. Nd5 Bxd5 18. Qxg4 Qe6 19. Qh4 Bc4 20. Bxh6 Bxd3 21. cxd3 Rxf1+ 22. Rxf1 Bxb2 23. Be3 b6 24. Rf3 Rf8 25. Rxf8+ Kxf8 26. Qd8+ Kf7 27. Bh6 Qe7 28. Qa8 Bd4+ 29. Kh1 b5 30. Qd5+ Ke8 31. Qg8+ Kd7 32. Qxg6 Qf6 33. Qxf6 Bxf6 34. Bc1 a5 35. g4 b4 36. g5 Bg7 37. axb4 axb4 38. h4 b3 39. h5 b2 40. Bxb2 Bxb2 41. Kg2 Bc1 42. g6 Bh6 43. Kf3 Ke6 44. Kg4 Kf6 45. Kh4 Ke5 46. Kg4 Kd4 47. Kf5 Kxd3 48. Kf6 c4 49. g7 Bxg7+ 50. Kxg7 c3 51. h6 c2 52. h7 c1=Q 53. h8=Q Qc3+ 0-1

[Event "e2e4 Brighton Major"]
[Site "Brighton"]
[Date "2010.11.13"]
[Round "3"]
[White "Hayward, Alan"]
[Black "Bryant, Richard BE"]
[Result "0-1"]
[WhiteElo "1979"]
[BlackElo "1976"]
[PlyCount "85"]
[EventDate "2010.11.12"]
[EventType "swiss"]
[EventRounds "5"]
[EventCountry "ENG"]
[SourceTitle "BritBase"]
[Source "John Saunders"]
[SourceDate "2024.12.03"]
[SourceVersion "1"]
[SourceVersionDate "2024.12.03"]
[SourceQuality "1"]

1. d4 e6 2. Nc3 c5 3. d5 d6 4. e4 a6 5. g3 e5 6. f4 Nd7 7. Nf3 Ngf6 8. Bg2 b5 9. fxe5 dxe5 10. Nh4 g6 11. Be3 Bg7 12. Qd2 O-O 13. Bf3 Ne8 14. Bg5 f6 15. Bh6 Nd6 16. Bxg7 Kxg7 17. Ng2 Nb6 18. h4 b4 19. Nd1 a5 20. h5 g5 21. h6+ Kh8 22. Nde3 Bd7 23. g4 Na4 24. Qc1 Nb5 25. Bd1 Nd6 26. Bf3 c4 27. Nf5 Bxf5 28. gxf5 c3 29. b3 Nc5 30. Qe3 Qc7 31. O-O a4 32. Rfd1 g4 33. Bxg4 Ncxe4 34. Bf3 Ng5 35. Nh4 Rg8 36. Kh1 Qa7 37. Qe2 Qd7 38. Bg4 Nge4 39. Kh2 Qf7 40. Bh5 Qf8 41. Qe3 Rg5 42. Bf3 Qxh6 43. Kh3 0-1

[Event "e2e4 Brighton Major"]
[Site "Brighton"]
[Date "2010.11.13"]
[Round "3"]
[White "Hjort, Helge"]
[Black "Pedder, Stephane SG"]
[Result "1/2-1/2"]
[WhiteElo "1926"]
[BlackElo "1930"]
[PlyCount "96"]
[EventDate "2010.11.12"]
[EventType "swiss"]
[EventRounds "5"]
[EventCountry "ENG"]
[SourceTitle "BritBase"]
[Source "John Saunders"]
[SourceDate "2024.12.03"]
[SourceVersion "1"]
[SourceVersionDate "2024.12.03"]
[SourceQuality "1"]

1. d4 Nf6 2. Nf3 b6 3. g3 Bb7 4. Bg2 e6 5. O-O d6 6. c4 Nbd7 7. Nc3 Be7 8. Qc2 c5 9. e4 e5 10. dxe5 dxe5 11. Rd1 Qc7 12. Nh4 g6 13. f4 a6 14. Nf3 Bd6 15. Qd3 Be7 16. fxe5 Nxe5 17. Nxe5 Qxe5 18. Bf4 Qd4+ 19. Qxd4 cxd4 20. Nd5 Nxd5 21. exd5 O-O-O 22. Be5 Rhe8 23. Bxd4 Kc7 24. Re1 Bb4 25. Rxe8 Rxe8 26. a3 Bd6 27. Kf2 a5 28. Re1 Rd8 29. a4 Bb4 30. Re2 Bc8 31. Bf6 Bc5+ 32. Kf3 Rg8 33. g4 h5 34. h3 hxg4+ 35. hxg4 g5 36. Be5+ Bd6 37. Bf1 Rg6 38. Bxd6+ Kxd6 39. Re4 Rf6+ 40. Kg2 Kc5 41. Be2 Bd7 42. b3 Kd6 43. Kg3 Kc5 44. Re5 Kb4 45. Re7 Bc8 46. Rc7 Ba6 47. Ra7 Bc8 48. Rc7 Ba6 1/2-1/2

[Event "e2e4 Brighton Major"]
[Site "Brighton"]
[Date "2010.11.13"]
[Round "3"]
[White "Jacob, Sydney J"]
[Black "Young, Melvyn Jack"]
[Result "1-0"]
[WhiteElo "1934"]
[BlackElo "1938"]
[PlyCount "51"]
[EventDate "2010.11.12"]
[EventType "swiss"]
[EventRounds "5"]
[EventCountry "ENG"]
[SourceTitle "BritBase"]
[Source "John Saunders"]
[SourceDate "2024.12.03"]
[SourceVersion "1"]
[SourceVersionDate "2024.12.03"]
[SourceQuality "1"]

1. c4 b6 2. e4 Bb7 3. Nc3 e6 4. d4 Bb4 5. f3 Qh4+ 6. g3 Qe7 7. Bg2 d5 8. a3 Bxc3+ 9. bxc3 dxe4 10. fxe4 Nd7 11. Nh3 O-O-O 12. O-O e5 13. d5 f6 14. Be3 h5 15. Nf2 g5 16. h3 Nh6 17. Qa4 a5 18. Qb5 Nc5 19. Bxc5 Qxc5 20. Qxc5 bxc5 21. Nd3 Ba6 22. Nxc5 Bxc4 23. Rxf6 Rd6 24. Rf2 c6 25. Rb1 cxd5 26. Rfb2 1-0

[Event "e2e4 Brighton Major"]
[Site "Brighton"]
[Date "2010.11.13"]
[Round "3"]
[White "Kalaiyalahan, Akshaya"]
[Black "Healeas, Simon"]
[Result "0-1"]
[WhiteElo "1226"]
[BlackElo "1806"]
[PlyCount "146"]
[EventDate "2010.11.12"]
[EventType "swiss"]
[EventRounds "5"]
[EventCountry "ENG"]
[SourceTitle "BritBase"]
[Source "John Saunders"]
[SourceDate "2024.12.03"]
[SourceVersion "1"]
[SourceVersionDate "2024.12.03"]
[SourceQuality "1"]

1. c4 Nf6 2. Nf3 g6 3. g3 c5 4. Bg2 Bg7 5. O-O O-O 6. Nc3 Nc6 7. d3 d6 8. Bd2 a6 9. a3 h6 10. Rb1 Be6 11. Re1 Qd7 12. Qc1 Kh7 13. Na4 Rab8 14. Nc3 b5 15. b3 Rfc8 16. Nd1 b4 17. axb4 cxb4 18. Ne3 d5 19. Rd1 a5 20. Qc2 d4 21. Nf1 Nh5 22. e3 Bf5 23. Bc1 e5 24. exd4 exd4 25. Bb2 Re8 26. Re1 Bf6 27. Rxe8 Rxe8 28. Re1 Rxe1 29. Nxe1 Ne5 30. Nd2 Bh3 31. Nef3 Bxg2 32. Kxg2 Nxf3 33. Nxf3 Qg4 34. Bc1 g5 35. Qa2 Qf5 36. Qe2 Ng7 37. Qe4 Qxe4 38. dxe4 Ne6 39. Kf1 Nc5 40. Nd2 d3 41. f3 Bc3 42. Ke1 Nxb3 43. Kd1 Nc5 44. Nf1 Bd4 45. Be3 Bxe3 46. Nxe3 Kg6 47. Kd2 h5 48. Ng2 Kf6 49. Ne1 Ke5 50. Nxd3+ Kd4 51. Nxc5 Kxc5 52. Kd3 a4 53. f4 gxf4 54. gxf4 a3 55. Kc2 Kxc4 56. e5 Kd5 57. Kb3 Ke6 58. Kxb4 a2 59. Kc5 a1=Q 60. h4 Qf1 61. f5+ Qxf5 62. Kc4 Qxe5 63. Kd3 f5 64. Kd2 f4 65. Kd3 f3 66. Kd2 f2 67. Kc2 f1=Q 68. Kd2 Qee2+ 69. Kc3 Qc1+ 70. Kd4 Qcd1+ 71. Kc5 Qec2+ 72. Kb4 Qdb1+ 73. Ka3 Qcb3# 0-1

[Event "e2e4 Brighton Major"]
[Site "Brighton"]
[Date "2010.11.13"]
[Round "3"]
[White "Kelly, Paul J"]
[Black "Kreuzer, Christopher RL"]
[Result "1-0"]
[WhiteElo "1946"]
[BlackElo "1933"]
[PlyCount "51"]
[EventDate "2010.11.12"]
[EventType "swiss"]
[EventRounds "5"]
[EventCountry "ENG"]
[SourceTitle "BritBase"]
[Source "John Saunders"]
[SourceDate "2024.12.03"]
[SourceVersion "1"]
[SourceVersionDate "2024.12.03"]
[SourceQuality "1"]

1. e4 c5 2. a3 Nc6 3. b4 cxb4 4. axb4 Nxb4 5. d4 d5 6. c3 Nc6 7. exd5 Qxd5 8. Na3 e6 9. Nb5 Bd6 10. Qg4 g6 11. Bc4 Nf6 12. Bxd5 Nxg4 13. Bxc6+ Ke7 14. Nxd6 Kxd6 15. Bf3 Nf6 16. Bf4+ Ke7 17. Bg5 h6 18. Bxf6+ Kxf6 19. Ne2 a6 20. Kd2 Ra7 21. Rhb1 Rd8 22. Rb6 Ke7 23. c4 Rd6 24. c5 Rxb6 25. cxb6 Ra8 26. Rc1 1-0

[Event "e2e4 Brighton Major"]
[Site "Brighton"]
[Date "2010.11.13"]
[Round "3"]
[White "Larwood, Peter"]
[Black "Ropp, Wiatt"]
[Result "1-0"]
[WhiteElo "1946"]
[BlackElo "1930"]
[PlyCount "97"]
[EventDate "2010.11.12"]
[EventType "swiss"]
[EventRounds "5"]
[EventCountry "ENG"]
[SourceTitle "BritBase"]
[Source "John Saunders"]
[SourceDate "2024.12.03"]
[SourceVersion "1"]
[SourceVersionDate "2024.12.03"]
[SourceQuality "1"]

1. e4 g6 2. d4 Bg7 3. Nf3 d6 4. Nc3 a6 5. Be2 Nd7 6. O-O e5 7. Bg5 f6 8. Be3 Nh6 9. dxe5 fxe5 10. Bg5 Nf6 11. Nd5 Nf7 12. h3 h6 13. Nxf6+ Bxf6 14. Be3 Be6 15. c4 Ng5 16. Qd3 Nxf3+ 17. Bxf3 Bg5 18. b3 Qf6 19. Be2 b6 20. Rad1 h5 21. Bxb6 cxb6 22. Qxd6 Rd8 23. Qxb6 Rxd1 24. Rxd1 O-O 25. Rd6 Bh4 26. g3 Bxg3 27. fxg3 Qg5 28. Kg2 h4 29. Rd3 Qf6 30. Qe3 hxg3 31. Qxg3 Qg7 32. Rd6 Rf6 33. c5 Qh6 34. Rxe6 Rxe6 35. Bc4 Qd2+ 36. Qf2 Qg5+ 37. Kh2 Qe7 38. b4 Kg7 39. Bxe6 Qxe6 40. Qe2 Qc6 41. Qc2 g5 42. a4 Kg6 43. b5 axb5 44. axb5 Qxb5 45. c6 Qf1 46. c7 Qf4+ 47. Kg2 g4 48. c8=Q Qf3+ 49. Kg1 1-0

[Event "e2e4 Brighton Major"]
[Site "Brighton"]
[Date "2010.11.13"]
[Round "3"]
[White "Lazarevic, Ljubica"]
[Black "Lawrence, David J"]
[Result "1/2-1/2"]
[WhiteElo "1786"]
[BlackElo "1714"]
[PlyCount "38"]
[EventDate "2010.11.12"]
[EventType "swiss"]
[EventRounds "5"]
[EventCountry "ENG"]
[SourceTitle "BritBase"]
[Source "John Saunders"]
[SourceDate "2024.12.03"]
[SourceVersion "1"]
[SourceVersionDate "2024.12.03"]
[SourceQuality "1"]

1. e4 e6 2. d4 d5 3. exd5 exd5 4. Nf3 Nf6 5. Bg5 Be7 6. Bd3 Nbd7 7. O-O O-O 8. Nbd2 c6 9. c3 Qb6 10. Qc2 h6 11. Bh4 c5 12. dxc5 Nxc5 13. Bh7+ Kh8 14. Ne5 Be6 15. Bd3 Rad8 16. Rab1 Nxd3 17. Qxd3 Rfe8 18. Rfe1 Ne4 19. Bg3 Nxg3 1/2-1/2